000 00305nam a2200121Ia 4500
008 190216s9999||||xx |||||||||||||| ||und||
100 _aVenkatesam E
245 0 _aHand Book Of Mercantile Law Commerce
260 _bThe Madras Law Journal Office
_c1975
300 _a658p
650 _aCommerce
942 _cBK
999 _c5075
_d5075